000 00513nam a2200193Ia 4500
005 20250730132833.0
008 008 250516s9999 xx 000 0 hin d
020 _a9788186863268
040 _beng
_cSDCL
041 _ahin
_2hin
084 _aR66x1 Q9
100 _aJha, Bipin Kumar
245 0 _aShankarpramavimarsha
246 _aशंकर्प्रमाविमार्षा
260 _aDelhi:
_bIndu Prakashan,
_c2019.
300 _a83p.
650 _aSanskrit
942 _cTEXL
_2CC
999 _c1429274
_d1429274